00262nam a2200109Ia 4500008004100000100003500041245002100076260001800097650001300115942000700128999001700135190216s9999||||xx |||||||||||||| ||und|| aMalayalathile Sahithyakaranmar 0aRaveendropaharam bCurrent Books aLekhanam cBK c30371d30371